Statistiques concernant Rappeurs francophones mais pas français

Cliquez ici pour prendre le quiz!

Statistiques générales

  • Ce quiz a été pris 168 fois
  • Le résultat moyen est 9 sur 25

Statistiques - réponses

PaysVilleProjetRappeur% Correct
BelgiqueBruxellesIpséitéDamso
98%
SénégalDakarLMFFreeze Corleone
71%
SincèrementHamza
69%
CharleroiDoudoune en étéJeanjass
56%
AntidoteShay
51%
OSOCaballero
50%
VervierNOSTALGIA+Green Montana
47%
ChocolatRoméo Elvis
47%
MarocMarrackechCouleur de ma peineZamdane
40%
SuisseGenèveMÖBIUSRounhaa
39%
Nouvelle ÈreOsirus Jack
38%
Le Film : Le commencementZuukou Mayzie
38%
OV3Di-meh
37%
Tunnel VisionSlimka
34%
Carnaval de Finesse 2 :
Les Chroniques d'un Jeune Entrepreneur
Rowjay
29%
Chaos KissMakala
26%
GabonLibrevileLa grande désillusionBenjamin Epps
18%
Rose NoireFrenetik
18%
RougemortMairo
18%
CanadaMontréal
Cocaïno Rap Musique Vol. 1
Cd Mixé Styles Libres Exclusifs
Roi Heenok
18%
THIS LAKE IS SUCCESSFULVarnish La Piscine
18%
LiègeÀ l'abriFresh
15%
Delta-PlaneLe Dé
8%
Sur Ma LancéeAAMO
6%
MMS 2.0Enima
3%

Distribution des résultats

Percentile par nombre de réponses

% des personnes avec chaque résultat

Votre développement - résultats

Vous n’avez pas pris ce quiz